Psychologie v ekonomické praxi Časopis pro pomoc hospodářské praxi

Saved in:
Bibliographic Details
Format: Serial
Language:Czech
Published: Praha Univ. Karlova 1988
Tags: Add Tag
No Tags, Be the first to tag this record!

MARC

LEADER 00000nas2a2200000 4500
001 s033305
005 20250730114143.9
041 0 |a cze 
044 |a CZ 
245 1 0 |a Psychologie v ekonomické praxi  |b Časopis pro pomoc hospodářské praxi 
264 1 |a Praha  |b Univ. Karlova  |c 1988 
300 |a 1 zv. 
773 0 |w eu_un_cat*s120018